000 00305nam a2200121Ia 4500
008 190216s9999||||xx |||||||||||||| ||und||
100 _aBhagwati Prasad
245 0 _aLaw And Practice Of Income Tax In India
260 _bKerala Bhasha Institute
_c1982
300 _a985p
650 _aCommerce
942 _cBK
999 _c5458
_d5458